Città Italiane più Pericolose - Statistics

Statistiche generali
  • Questo quiz è stato fatto 340 volte
  • Il punteggio medio è 12 su 20
Statistiche sulle risposte
Posizione Città N. di denunce Ogni 100.000 abitanti % Corretto
1 Milano 193.749 5.985,3
99%
10 Napoli 125.119 4.216,9
99%
5 Roma 205.053 4.856,1
97%
3 Torino 111.515 5.057,1
91%
4 Bologna 50.559 4.977,7
86%
7 Firenze 47.028 4.727,8
85%
11 Genova 34.147 4.183,4
80%
18 Venezia 31.672 3.773,2
76%
19 Trieste 8.578 3.719,5
55%
13 Foggia 23.547 3.938,3
53%
2 Rimini 18.538 5.502,3
52%
15 Parma 17.541 3.897,6
48%
16 Modena 27.037 3.847,1
44%
9 Livorno 13.956 4.271,6
38%
17 Ferrara 13.000 3.815,1
36%
20 Ravenna 14.277 3.698,6
33%
8 Prato 11.660 4.410,0
30%
6 Imperia 9.917 4.755,0
24%
12 Savona 10.827 4.043,7
24%
14 Pavia 20.845 3.898,5
23%
Nessun quiz corrispondente trovato
Distribuzione punteggi
Percentuale di utenti per punteggio
Percentile per numero di risposta
I tuoi punteggi nel tempo
Non hai fatto questo quiz